{"text_format":"1","workbook":"xlsx","n_sheets":1,"sheets":["inv_veneno_abril_2022"],"not_rendered":{"charts":0,"images":2,"macros":0,"external_links":0,"defined_names":1,"comments":0,"pivot_tables":0},"unopened":[],"bounds":{"document_bytes":16777216,"sheet_cells":100000,"rows_first":2000,"rows_last":500,"rows_between":2000,"halvings":0,"cell_chars":16384,"cell_head_chars":4096},"cells_cut":0,"cells_raw":0,"read":"whole","date_system":"1900"}

{"sheet":"inv_veneno_abril_2022","index":0,"n_rows":267,"n_cols":8,"rows_kept":267,"cut":false,"hidden":false,"merged":[[193,7,197,7],[193,2,197,2],[193,3,197,3],[193,4,197,4],[193,5,197,5],[193,6,197,6],[186,0,186,6],[266,0,266,6],[115,0,115,7],[189,0,189,7],[190,0,190,7],[191,0,191,7],[117,0,121,0],[117,1,121,1],[117,2,121,2],[117,3,121,3],[117,4,121,4],[117,5,121,5],[117,6,121,6],[117,7,121,7],[193,0,197,0],[193,1,197,1],[1,0,1,7],[2,0,2,7],[3,0,3,7],[113,0,113,7],[114,0,114,7],[5,0,9,0],[5,1,9,1],[5,2,9,2],[5,3,9,3],[5,4,9,4],[5,5,9,5],[5,6,9,6],[5,7,9,7]]}
[]
["INSTITUTO DEL TABACO DE LA REPÚBLICA DOMINICANA"]
["INVENTARIO DE VENENO"]
["MES DE JULIO 2022"]
[]
["Fecha de adquisición y/o registro","Artículo","Código Institucional","Descripción artículo","Existencia","Unidad","Costo","Valor"]
[]
[]
[]
[]
["2017-11-02","GENERAL ( 10 )","SEMILLAS ( 7 )","SEMILLA  AJI CACHUCHA (SOB)",80,"SOBRES",15,{"$f":"+G11*E11","v":1200}]
["2017-11-02","GENERAL ( 10 )","SEMILLAS ( 7 )","SEMILLA AJI CUBANELA (SOB)",40,"SOBRE",15,{"$f":"+G12*E12","v":600}]
["2017-06-19","GENERAL ( 10 )","SEMILLAS ( 7 )","SEMILLA DE GUANDUL-LIB",111,"LIBRAS",1,111]
["2018-04-24","GENERAL ( 10 )","SEMILLAS ( 7 )","SEMILLA DE LECHUGA (SOB)",111,"SOBRE",15,1665]
["2018-09-11","GENERAL ( 10 )","SEMILLAS ( 7 )","SEMILLA DE RABANO (SOBRE)",67,"SOBRE",15,1005]
["2017-11-08","GENERAL ( 10 )","SEMILLAS ( 7 )","SEMILLA DE REMOLACHA (SOB)",83,"SOBRE",15,1245]
["2017-11-19","GENERAL ( 10 )","SEMILLAS ( 7 )","SEMILLA DE TOMATE (SOBRE)",283,"SOBRE",15,4245]
["2017-11-02","VENENO ( 2 )","ADHERENTE-COAGULANTE ( 39 )","EKO PH 7 (ADHERENTE)",111,"250 CC",103.99,11542.89]
["2017-01-17","VENENO ( 2 )","ADHERENTE-COAGULANTE ( 39 )","EMULNED X45 LT",409,"LITRO",474.17705999999998,193938.41753999999]
["2017-11-20","VENENO ( 2 )","ADHERENTE-COAGULANTE ( 39 )","FIJADOR AGRICOLA",195,"250 CC",63.054729999999999,12295.672350000001]
["2017-11-02","VENENO ( 2 )","ADHERENTE-COAGULANTE ( 39 )","FIJADOR AGRICOLA(ADHERENTE)",60,"LITRO",185,11100]
["2018-01-04","VENENO ( 2 )","ADHERENTE-COAGULANTE ( 39 )","IMBIREX CR 80 SL",55,"LITRO",553.04,30417.199999999997]
["2017-11-02","VENENO ( 2 )","DESHIJANTE ( 37 )","PRIME + 12.5 EC",12,"LITRO",2300,27600]
["2016-10-07","VENENO ( 2 )","DESHIJANTE ( 37 )","PRIME 12.5 EC ",168,"LITRO",2439.6,409852.8]
["2017-11-16","VENENO ( 2 )","FUNGICIDAS ( 4 )","AGRY-GENT PLUS 8  WP",2,"500 GR",1198,2396]
["2017-11-02","VENENO ( 2 )","FUNGICIDAS ( 4 )","ANTRACOL 70WP",2,"750GR",724.428,1448.856]
["2017-11-02","VENENO ( 2 )","FUNGICIDAS ( 4 )","TABUS",78,"100 GR",550,42900]
["2018-08-08","VENENO ( 2 )","FUNGICIDAS ( 4 )","BELTANOL 50 LS",15,"500 CC",1248.53,18727.95]
["2017-11-02","VENENO ( 2 )","FUNGICIDAS ( 4 )","COPPERSYT (SULF. COBRE PENTH.)",120,"LITRO",995,119400]
["2017-01-12","VENENO ( 2 )","FUNGICIDAS ( 4 )","CRIBA 25 SC",45,"LITRO",1664.25,74891.25]
["2018-08-08","VENENO ( 2 )","FUNGICIDAS ( 4 )","DIMETOMORPH+MANCOZEB",1405,"750GR",344.59395000000001,484154.49975000002]
["2017-11-07","VENENO ( 2 )","FUNGICIDAS ( 4 )","ACROBKING 69 WP (DIMETOMORPH+MANCOZEB",113,"750GR",800,90400]
["2017-01-16","VENENO ( 2 )","FUNGICIDAS ( 4 )","DIMEBLACK 50 WP",1,"700 GR",792.32,792.32]
["2017-02-14","VENENO ( 2 )","FUNGICIDAS ( 4 )","FOSETIL ALUMINIO 80% WP",177,"K.G",371.28095999999999,65716.729919999998]
["2017-02-14","VENENO ( 2 )","FUNGICIDAS ( 4 )","FOLPAN KILOGRAMO",1983,"1 KG",698.27125999999998,1384671.90858]
["2017-11-02","VENENO ( 2 )","FUNGICIDAS ( 4 )","MASTERCOP 25 SC",2,"LITRO",1384.31023,2768.6204600000001]
["2017-11-02","VENENO ( 2 )","FUNGICIDAS ( 4 )","OXICLORURO COBRE+MANCOZEB",45,"500 GR",372.76398999999998,16774.379549999998]
["2017-01-03","VENENO ( 2 )","FUNGICIDAS ( 4 )","PHOS -AL 250 GRAMOS",1,"250GR",251.06,251.06]
["2018-01-03","VENENO ( 2 )","FUNGICIDAS ( 4 )","PROPINEB",593,"750GR",365,216445]
["2017-01-12","VENENO ( 2 )","FUNGICIDAS ( 4 )","PROPAMOCARB 72%",56,"250 CC",148.69999999999999,8327.1999999999989]
["2017-11-20","VENENO ( 2 )","FUNGICIDAS ( 4 )","QUIMAZIN 50 SC",97,"LITRO",299.57,29058.29]
["2017-09-13","VENENO ( 2 )","FUNGICIDAS ( 4 )","RADIGMA (PROPINEB)",143,"750GR",600,85800]
["2017-02-03","VENENO ( 2 )","FUNGICIDAS ( 4 )","HACHERO 6.6 SL",5,"LITRO",705.10167999999999,3525.5083999999997]
["2017-11-01","VENENO ( 2 )","FUNGICIDAS ( 4 )","SULFATO COBRE PENT. 24%",588,"LITRO",640.53624000000002,376635.30911999999]
["2018-04-02","VENENO ( 2 )","FUNGICIDAS ( 4 )","SULFATO COBRE ",20,"LITRO",684,13680]
["2016-10-27","VENENO ( 2 )","FUNGICIDAS ( 4 )","SULFATO DE COBRE (HACHERO 6.6 SL",67,"LITRO",779.46,52223.82]
["2016-10-05","VENENO ( 2 )","FUNGICIDAS ( 4 )","TRICHODERMA WP",296,"KGR",3826.36,1132602.56]
["2018-01-04","VENENO ( 2 )","FUNGICIDAS ( 4 )","TRIVIA 72 .7 WP (FLUOP+PROPI)",82,"500 GR",1388.2083,113833.0806]
["2017-02-09","VENENO ( 2 )","HERBICIDAS ( 3 )","24D+MCPA+DICAMBA(TREMENDO)46,6SL",14,"LITRO",425,5950]
["2017-11-11","VENENO ( 2 )","HERBICIDAS ( 3 )"," K-BAL 50EC (PENDIMENTALINA)",28,"LITRO",428.9,12009.199999999999]
["2016-03-15","VENENO ( 2 )","HERBICIDAS ( 3 )","LANCHA 50 EC",20,"LITRO",399.4,7988]
["2016-12-31","VENENO ( 2 )","HERBICIDAS ( 3 )","VERDUGO 50 EC (PENDIMENTALINA)",11,"LITRO",507,5577]
["2016-10-04","VENENO ( 2 )","INSECTICIDAS ( 2 )","ABAMECTINA 1.8% EC",739,"250 CC",185,136715]
["2018-01-04","VENENO ( 2 )","INSECTICIDAS ( 2 )","AGREE 12.5 EC",250,"LITRO",940.23,235057.5]
["2018-01-02","VENENO ( 2 )","INSECTICIDAS ( 2 )","BACILLUS THURINGIENSIS 500G.",34,"UND",1490,50660]
["2017-11-20","VENENO ( 2 )","INSECTICIDAS ( 2 )","CHLOREFET 48 EC",147,"250 CC",247.35,36360.449999999997]
["2018-08-08","VENENO ( 2 )","INSECTICIDAS ( 2 )","CLORPYRIFOS 48% EC",144,"100 GR",115,16560]
["2017-10-02","VENENO ( 2 )","INSECTICIDAS ( 2 )","DELTAMETRINA",717,"100 CC",369.64483000000001,265035.34311000002]
["2018-08-08","VENENO ( 2 )","INSECTICIDAS ( 2 )","EMAMECTIN BENZOATO 05 SG",811,"100 GR",137.66703000000001,111647.96133000001]
["2017-01-23","VENENO ( 2 )","INSECTICIDAS ( 2 )","FAN 24.7 SC (LANBDACIHALO. +T)",1,"100 CC",180,180]
["2018-02-16","VENENO ( 2 )","INSECTICIDAS ( 2 )","FIGADOR 52 GR",16,"100 GR",134.19999999999999,2147.1999999999998]
["2018-02-16","VENENO ( 2 )","INSECTICIDAS ( 2 )","HALCON 25 WG (THIAMETHOXAM)",2,"100 GR",179,358]
["2018-04-02","VENENO ( 2 )","INSECTICIDAS ( 2 )","IMIDACOPRID+LAMBDACIHOLOTRINA 32.8 WP",255,"GRAMOS",398,101490]
["2018-02-16","VENENO ( 2 )","INSECTICIDAS ( 2 )","LAMBDACIHALOTRINA 9.49%+THIAM.12.62%",643,"100 GR",151.26241999999999,97261.736059999996]
["2016-11-03","VENENO ( 2 )","INSECTICIDAS ( 2 )","LARVAFORTE ZE 5 EC",2,"100 CC",193.33,386.66]
["2017-11-16","VENENO ( 2 )","INSECTICIDAS ( 2 )","MONARCA  11.25 SE(THI-BET+CYF)",424,"500 CC",1310.8715500000001,555809.53720000002]
["2017-11-20","VENENO ( 2 )","INSECTICIDAS ( 2 )","MONARCA LITRO",50,"LITRO",2193.8542499999999,109692.71249999999]
["2017-11-29","VENENO ( 2 )","INSECTICIDAS ( 2 )","SIVANTO PRIME 20SL 500ML",341,"500 CC",3270.7828800000002,1115336.96208]
["2016-10-11","VENENO ( 2 )","INSECTICIDAS ( 2 )","SPREADER (EMULSIFICANTE ML-20)",214,"250 CC",75,16050]
["2017-06-20","VENENO ( 2 )","NEMATICOS ( 5 )","BACILLUS SUBTILIS",309,"LITRO",924.8,285763.20000000001]
["2017-06-20","VENENO ( 2 )","PEGANTES ( 11 )","ADHERENTE 250CC",506,"UND",97,49082]
["2016-02-15","VENENO ( 2 )","REGULADOR PH ( 23 )","REGULADOR  PH-250",126,"250 CC",99,12474]
["2016-02-15","VETERINARIO ( 4 )","VETERINARIOS ( 6 )","ATROPINA 10 CC",2,"10CC",83.93,167.86]
["2016-02-15","VETERINARIO ( 4 )","VETERINARIOS ( 6 )","JERINGUILLA  5CC",96,"UND",4.9771200000000002,477.80352000000005]
["2016-02-15","VETERINARIO ( 4 )","VETERINARIOS ( 6 )","JERINGA 10",367,"UND",8.6624400000000001,3179.1154799999999]
["2016-02-15","VETERINARIO ( 4 )","VETERINARIOS ( 6 )","JERINGA 20",14,"UND",12.1,{"$f":"+G76*E76","v":169.4}]
["2016-02-15","VETERINARIO ( 4 )","VETERINARIOS ( 6 )","JERINGUILLA INSUL. 1CC",50,"UND",5.92,296]
["2016-02-15","VETERINARIO ( 4 )","VETERINARIOS ( 6 )","OXITOCINA OVER",1,"50 CC",100.74,100.74]
[null,null,null,null,"TOTAL",null,null,{"$f":"SUM(H11:H78)","v":8278225.7035500025}]
[]
[]
[]
[]
[]
[]
[]
[]
[]
[]
[]
[]
[]
[]
[]
[]
[]
[]
[]
[]
[]
[]
[]
[]
[]
[]
[]
[]
[]
[]
[]
[]
[]
[]
["INSTITUTO DEL TABACO DE LA REPÚBLICA DOMINICANA"]
["INVENTARIO DE VENENO"]
["MES DE AGOSTO 2022"]
[]
["Fecha de adquisición y/o registro","Artículo","Código Institucional","Descripción artículo","Existencia","Unidad","Costo","Valor"]
[]
[]
[]
[]
["2017-11-02","GENERAL ( 10 )","SEM-AJICUB-SOB","SEMILLA AJI CUBANELA (SOB)",40,"SOBRE",15,{"$f":"+G123*E123","v":600}]
["2017-06-19","GENERAL ( 10 )","SEMGUAN-LIB","SEMILLA DE GUANDUL-LIB",111,"LIBRAS",1,111]
["2018-04-24","GENERAL ( 10 )","SEM-LEG-SOB","SEMILLA DE LECHUGA (SOB)",111,"SOBRE",15,1665]
["2018-09-11","GENERAL ( 10 )","SEM-RAB-SOB","SEMILLA DE RABANO (SOBRE)",67,"SOBRE",15,1005]
["2017-11-08","GENERAL ( 10 )","SEM-REMOL-SOB","SEMILLA DE REMOLACHA (SOB)",83,"SOBRE",15,1245]
["2017-11-19","GENERAL ( 10 )","SEM-TOM-SOB","SEMILLA DE TOMATE (SOBRE)",283,"SOBRE",15,4245]
["2017-11-02","VENENO ( 2 )","EKOPH","EKO PH 7 (ADHERENTE)",111,"250 CC",103.99,11542.89]
["2017-01-17","VENENO ( 2 )","EMULNED","EMULNED X45 LT",409,"LITRO",474.17705999999998,193938.41753999999]
["2017-11-20","VENENO ( 2 )","FA250CC","FIJADOR AGRICOLA",195,"250 CC",63.054729999999999,12295.672350000001]
["2017-11-02","VENENO ( 2 )","FIJ-AGR","FIJADOR AGRICOLA(ADHERENTE)",60,"LITRO",185,11100]
["2018-01-04","VENENO ( 2 )","IMBILT","IMBIREX CR 80 SL",55,"LITRO",553.04,30417.199999999997]
["2017-11-02","VENENO ( 2 )","PRIM","PRIME + 12.5 EC",12,"LITRO",2300,27600]
["2016-10-07","VENENO ( 2 )","PRIM+25-LT","PRIME 12.5 EC ",168,"LITRO",2439.6,409852.8]
["2017-11-16","VENENO ( 2 )","ANTRACOL","ANTRACOL 70WP",2,"750GR",724.428,1448.856]
["2017-11-02","VENENO ( 2 )","AZOXYSTRO","TABUS",68,"100 GR",550,37400]
["2017-11-02","VENENO ( 2 )","BELTANOL","BELTANOL 50 LS",13,"500 CC",1248.53,16230.89]
["2018-08-08","VENENO ( 2 )","COPPE","COPPERSYT (SULF. COBRE PENTH.)",120,"LITRO",995,119400]
["2017-11-02","VENENO ( 2 )","CRIBA","CRIBA 25 SC",45,"LITRO",1664.25,74891.25]
["2017-01-12","VENENO ( 2 )","D,M.","DIMETOMORPH+MANCOZEB",1405,"750GR",344.59395000000001,484154.49975000002]
["2018-08-08","VENENO ( 2 )","D+M","ACROBKING 69 WP (DIMETOMORPH+MANCOZEB",113,"750GR",800,90400]
["2017-11-07","VENENO ( 2 )","DIMEBL","DIMEBLACK 50 WP",1,"700 GR",792.32,792.32]
["2017-01-16","VENENO ( 2 )","FA80%WP","FOSETIL ALUMINIO 80% WP",177,"K.G",371.28095999999999,65716.729919999998]
["2017-02-14","VENENO ( 2 )","FOLPAN-KG","FOLPAN KILOGRAMO",1983,"1 KG",698.27125999999998,1384671.90858]
["2017-02-14","VENENO ( 2 )","MAST-LT","MASTERCOP 25 SC",2,"LITRO",1384.31023,2768.6204600000001]
["2017-11-02","VENENO ( 2 )","OXICL","OXICLORURO COBRE+MANCOZEB",45,"500 GR",372.76398999999998,16774.379549999998]
["2017-11-02","VENENO ( 2 )","PHOS-AL-250GR","PHOS -AL 250 GRAMOS",1,"250GR",251.06,251.06]
["2017-01-03","VENENO ( 2 )","PROP.","PROPINEB",587,"750GR",365,214255]
["2018-01-03","VENENO ( 2 )","PROP.72","PROPAMOCARB 72%",46,"250 CC",148.69999999999999,6840.2]
["2017-01-12","VENENO ( 2 )","QUIMAZIN","QUIMAZIN 50 SC",97,"LITRO",299.57,29058.29]
["2017-11-20","VENENO ( 2 )","RADPRO","RADIGMA (PROPINEB)",143,"750GR",600,85800]
["2017-09-13","VENENO ( 2 )","SULCOB","HACHERO 6.6 SL",5,"LITRO",705.10167999999999,3525.5083999999997]
["2017-02-03","VENENO ( 2 )","SULF.C","SULFATO COBRE PENT. 24%",588,"LITRO",640.53624000000002,376635.30911999999]
["2017-11-01","VENENO ( 2 )","SULFA-COB-001","SULFATO COBRE ",20,"LITRO",684,13680]
["2018-04-02","VENENO ( 2 )","SULHAC","SULFATO DE COBRE (HACHERO 6.6 SL",67,"LITRO",779.46,52223.82]
["2016-10-27","VENENO ( 2 )","TR WP KG.","TRICHODERMA WP",296,"KGR",3826.36,1132602.56]
["2016-10-05","VENENO ( 2 )","TRIVIA","TRIVIA 72 .7 WP (FLUOP+PROPI)",82,"500 GR",1388.2083,113833.0806]
["2018-01-04","VENENO ( 2 )","24D+","24D+MCPA+DICAMBA(TREMENDO)46,6SL",14,"LITRO",425,5950]
["2017-02-09","VENENO ( 2 )","K-BAL 50EC LT"," K-BAL 50EC (PENDIMENTALINA)",28,"LITRO",428.9,12009.199999999999]
["2017-11-11","VENENO ( 2 )","LANCHA-LT","LANCHA 50 EC",20,"LITRO",399.4,7988]
["2016-03-15","VENENO ( 2 )","VERDUGO","VERDUGO 50 EC (PENDIMENTALINA)",11,"LITRO",507,5577]
["2016-12-31","VENENO ( 2 )","AB,","ABAMECTINA 1.8% EC",731,"250 CC",185,135235]
["2016-10-04","VENENO ( 2 )","AGREE-LT","AGREE 12.5 EC",250,"LITRO",940.23,235057.5]
["2018-01-04","VENENO ( 2 )","BT500G","BACILLUS THURINGIENSIS 500G.",34,"UND",1490,50660]
["2018-01-02","VENENO ( 2 )","CHLORE","CHLOREFET 48 EC",147,"250 CC",247.35,36360.449999999997]
["2017-11-20","VENENO ( 2 )","CL48% EC","CLORPYRIFOS 48% EC",144,"100 GR",115,16560]
["2018-08-08","VENENO ( 2 )","DELTAME","DELTAMETRINA",712,"100 CC",369.64483000000001,263187.11895999999]
["2017-10-02","VENENO ( 2 )","EMB05SG","EMAMECTIN BENZOATO 05 SG",804,"100 GR",137.66703000000001,110684.29212000001]
["2018-08-08","VENENO ( 2 )","FAN24.7SC","FAN 24.7 SC (LANBDACIHALO. +T)",1,"100 CC",180,180]
["2017-01-23","VENENO ( 2 )","FIJAGR","FIGADOR 52 GR",6,"100 GR",134.19999999999999,805.19999999999993]
["2018-02-16","VENENO ( 2 )","IM+LAM32.8","IMIDACOPRID+LAMBDACIHOLOTRINA 32.8 WP",255,"GRAMOS",398,101490]
["2018-02-16","VENENO ( 2 )","L.94.49T12.62","LAMBDACIHALOTRINA 9.49%+THIAM.12.62%",640,"100 GR",151.26241999999999,96807.948799999998]
["2018-04-02","VENENO ( 2 )","MONAR5","MONARCA  11.25 SE(THI-BET+CYF)",424,"500 CC",1310.8715500000001,555809.53720000002]
["2018-02-16","VENENO ( 2 )","MONAR-LIT","MONARCA LITRO",48,"LITRO",2193.8542499999999,105305.00399999999]
["2016-11-03","VENENO ( 2 )","SIVANTO","SIVANTO PRIME 20SL 500ML",341,"500 CC",3270.7828800000002,1115336.96208]
["2017-11-16","VENENO ( 2 )","SPREA","SPREADER (EMULSIFICANTE ML-20)",214,"250 CC",75,16050]
["2017-11-20","VENENO ( 2 )","BS LT.","BACILLUS SUBTILIS",309,"LITRO",924.8,285763.20000000001]
["2017-11-29","VENENO ( 2 )","ADHERENTE-250CC","ADHERENTE 250CC",506,"UND",97,49082]
["2016-10-11","VENENO ( 2 )","REGUL-PH250CC","REGULADOR  PH-250",126,"250 CC",99,12474]
["2017-06-20","VETERINARIO ( 4 )","ATROPINA","ATROPINA 10 CC",2,"10CC",83.93,167.86]
["2017-06-20","VETERINARIO ( 4 )","JERING. 5CC","JERINGUILLA  5CC",96,"UND",4.9771200000000002,477.80352000000005]
["2016-02-15","VETERINARIO ( 4 )","JERINGA","JERINGA 10",367,"UND",8.6624400000000001,3179.1154799999999]
["2016-02-15","VETERINARIO ( 4 )","JERINGA.","JERINGA 20",14,"UND",12.1,169.4]
["2016-02-15","VETERINARIO ( 4 )","JER-INS1CC","JERINGUILLA INSUL. 1CC",50,"UND",5.92,296]
["2016-02-15","VETERINARIO ( 4 )","OXITOXINA","OXITOCINA OVER",1,"50 CC",100.74,100.74]
["TOTAL",null,null,null,null,null,null,{"$f":"SUM(H123:H186)","v":8251735.5944300024}]
[]
[]
["INSTITUTO DEL TABACO DE LA REPÚBLICA DOMINICANA"]
["INVENTARIO DE VENENO"]
["MES DE SEPTIEMBRE 2022"]
[]
["Fecha de adquisición y/o registro","Artículo","Código Institucional","Descripción artículo","Existencia","Unidad","Costo","Valor"]
[]
[]
[]
[]
["2017-11-02","GENERAL ( 10 )","SEM.AJI.CACHU.SOB.","SEMILLA  AJI CACHUCHA (SOB)",80,"SOBRES",15,{"$f":"+G199*E199","v":1200}]
["2017-06-19","GENERAL ( 10 )","SEM-AJICUB-SOB","SEMILLA AJI CUBANELA (SOB)",40,"SOBRE",15,{"$f":"+G200*E200","v":600}]
["2018-04-24","GENERAL ( 10 )","SEMGUAN-LIB","SEMILLA DE GUANDUL-LIB",111,"LIBRAS",1,111]
["2018-09-11","GENERAL ( 10 )","SEM-LEG-SOB","SEMILLA DE LECHUGA (SOB)",111,"SOBRE",15,1665]
["2017-11-08","GENERAL ( 10 )","SEM-RAB-SOB","SEMILLA DE RABANO (SOBRE)",67,"SOBRE",15,1005]
["2017-11-19","GENERAL ( 10 )","SEM-REMOL-SOB","SEMILLA DE REMOLACHA (SOB)",83,"SOBRE",15,1245]
["2017-11-02","GENERAL ( 10 )","SEM-TOM-SOB","SEMILLA DE TOMATE (SOBRE)",283,"SOBRE",15,4245]
["2017-01-17","OTROS ( 5 )","BOMB","BOMBAS ASPERJADORAS 16L",800,"UND",1300,1040000]
["2017-11-20","OTROS ( 5 )","BPD100CC","BOMBAS PULVERIZADORAS D. 100CC",15,"UND",1500,22500]
["2017-11-02","VENENO ( 2 )","EKOPH","EKO PH 7 (ADHERENTE)",100,"250 CC",103.99,10399]
["2018-01-04","VENENO ( 2 )","EMULNED","EMULNED X45 LT",409,"LITRO",474.17705999999998,193938.41753999999]
["2017-11-02","VENENO ( 2 )","FA250CC","FIJADOR AGRICOLA",189,"250 CC",63.054729999999999,11917.34397]
["2016-10-07","VENENO ( 2 )","FIJ-AGR","FIJADOR AGRICOLA(ADHERENTE)",60,"LITRO",185,11100]
["2017-11-16","VENENO ( 2 )","IMBILT","IMBIREX CR 80 SL",55,"LITRO",553.04,30417.199999999997]
["2017-11-02","VENENO ( 2 )","PRIM","PRIME + 12.5 EC",12,"LITRO",2300,27600]
["2017-11-02","VENENO ( 2 )","PRIM+25-LT","PRIME 12.5 EC ",168,"LITRO",2439.6,409852.8]
["2018-08-08","VENENO ( 2 )","AGROT-72","AGROTIZON 72 EC",5,"250 CC",129.80211,649.01054999999997]
["2017-11-02","VENENO ( 2 )","ANTRACOL","ANTRACOL 70WP",2,"750GR",724.428,1448.856]
["2017-01-12","VENENO ( 2 )","AZOXYSTRO","TABUS",52,"100 GR",550,28600]
["2018-08-08","VENENO ( 2 )","BELTANOL","BELTANOL 50 LS",7,"500 CC",1248.53,8739.7099999999991]
["2017-11-07","VENENO ( 2 )","COPPE","COPPERSYT (SULF. COBRE PENTH.)",116,"LITRO",995,115420]
["2017-01-16","VENENO ( 2 )","CRIBA","CRIBA 25 SC",45,"LITRO",1664.25,74891.25]
["2017-02-14","VENENO ( 2 )","D,M.","DIMETOMORPH+MANCOZEB",1405,"750GR",344.59395000000001,484154.49975000002]
["2017-02-14","VENENO ( 2 )","D+M","ACROBKING 69 WP (DIMETOMORPH+MANCOZEB",113,"750GR",800,90400]
["2017-11-02","VENENO ( 2 )","DIMEBL","DIMEBLACK 50 WP",1,"700 GR",792.32,792.32]
["2017-11-02","VENENO ( 2 )","FA80%WP","FOSETIL ALUMINIO 80% WP",164,"K.G",371.28095999999999,60890.077440000001]
["2017-01-03","VENENO ( 2 )","FOLPAN-KG","FOLPAN KILOGRAMO",1983,"1 KG",698.27125999999998,1384671.90858]
["2018-01-03","VENENO ( 2 )","MAST-LT","MASTERCOP 25 SC",2,"LITRO",1384.31023,2768.6204600000001]
["2017-01-12","VENENO ( 2 )","OXICL","OXICLORURO COBRE+MANCOZEB",45,"500 GR",372.76398999999998,16774.379549999998]
["2017-11-20","VENENO ( 2 )","PHOS-AL-250GR","PHOS -AL 250 GRAMOS",1,"250GR",251.06,251.06]
["2017-09-13","VENENO ( 2 )","PROP.","PROPINEB",587,"750GR",365,214255]
["2017-02-03","VENENO ( 2 )","PROP.72","PROPAMOCARB 72%",22,"250 CC",148.69999999999999,3271.3999999999996]
["2017-11-01","VENENO ( 2 )","QUIMAZIN","QUIMAZIN 50 SC",97,"LITRO",299.57,29058.29]
["2018-04-02","VENENO ( 2 )","RADPRO","RADIGMA (PROPINEB)",143,"750GR",600,85800]
["2016-10-27","VENENO ( 2 )","SULCOB","HACHERO 6.6 SL",3,"LITRO",705.10167999999999,2115.3050400000002]
["2016-10-05","VENENO ( 2 )","SULF.C","SULFATO COBRE PENT. 24%",588,"LITRO",640.53624000000002,376635.30911999999]
["2018-01-04","VENENO ( 2 )","SULFA-COB-001","SULFATO COBRE ",20,"LITRO",684,13680]
["2017-02-09","VENENO ( 2 )","SULHAC","SULFATO DE COBRE (HACHERO 6.6 SL",67,"LITRO",779.46,52223.82]
["2017-11-11","VENENO ( 2 )","TR WP KG.","TRICHODERMA WP",293,"KGR",3826.36,1121123.48]
["2016-03-15","VENENO ( 2 )","TRIVIA","TRIVIA 72 .7 WP (FLUOP+PROPI)",82,"500 GR",1388.2083,113833.0806]
["2016-12-31","VENENO ( 2 )","24D+","24D+MCPA+DICAMBA(TREMENDO)46,6SL",14,"LITRO",425,5950]
["2016-10-04","VENENO ( 2 )","K-BAL 50EC LT"," K-BAL 50EC (PENDIMENTALINA)",28,"LITRO",428.9,12009.199999999999]
["2018-01-04","VENENO ( 2 )","LANCHA-LT","LANCHA 50 EC",20,"LITRO",399.4,7988]
["2018-01-02","VENENO ( 2 )","VERDUGO","VERDUGO 50 EC (PENDIMENTALINA)",11,"LITRO",507,5577]
["2017-11-20","VENENO ( 2 )","AB,","ABAMECTINA 1.8% EC",723,"250 CC",185,133755]
["2018-08-08","VENENO ( 2 )","AGREE-LT","AGREE 12.5 EC",250,"LITRO",940.23,235057.5]
["2017-10-02","VENENO ( 2 )","BT500G","BACILLUS THURINGIENSIS 500G.",34,"UND",1490,50660]
["2018-08-08","VENENO ( 2 )","CHLORE","CHLOREFET 48 EC",147,"250 CC",247.35,36360.449999999997]
["2017-01-23","VENENO ( 2 )","CL48% EC","CLORPYRIFOS 48% EC",144,"100 GR",115,16560]
["2018-02-16","VENENO ( 2 )","DELTAME","DELTAMETRINA",688,"100 CC",369.64483000000001,254315.64304]
["2018-02-16","VENENO ( 2 )","EMB05SG","EMAMECTIN BENZOATO 05 SG",796,"100 GR",137.66703000000001,109582.95588000001]
["2018-04-02","VENENO ( 2 )","FAN24.7SC","FAN 24.7 SC (LANBDACIHALO. +T)",1,"100 CC",180,180]
["2018-02-16","VENENO ( 2 )","FIJAGR","FIGADOR 52 GR",6,"100 GR",134.19999999999999,805.19999999999993]
["2016-11-03","VENENO ( 2 )","IM+LAM32.8","IMIDACOPRID+LAMBDACIHOLOTRINA 32.8 WP",236,"GRAMOS",398,93928]
["2017-11-16","VENENO ( 2 )","L.94.49T12.62","LAMBDACIHALOTRINA 9.49%+THIAM.12.62%",640,"100 GR",151.26241999999999,96807.948799999998]
["2017-11-20","VENENO ( 2 )","MONAR5","MONARCA  11.25 SE(THI-BET+CYF)",422,"500 CC",1310.8715500000001,553187.79410000006]
["2017-11-29","VENENO ( 2 )","MONAR-LIT","MONARCA LITRO",48,"LITRO",2193.8542499999999,105305.00399999999]
["2016-10-11","VENENO ( 2 )","SIVANTO","SIVANTO PRIME 20SL 500ML",335,"500 CC",3270.7828800000002,1095712.2648]
["2017-06-20","VENENO ( 2 )","SPREA","SPREADER (EMULSIFICANTE ML-20)",214,"250 CC",75,16050]
["2017-06-20","VENENO ( 2 )","BS LT.","BACILLUS SUBTILIS",309,"LITRO",924.8,285763.20000000001]
["2016-02-15","VENENO ( 2 )","ADHERENTE-250CC","ADHERENTE 250CC",506,"UND",97,49082]
["2016-02-15","VENENO ( 2 )","REGUL-PH250CC","REGULADOR  PH-250",111,"250 CC",99,10989]
["2016-02-15","VETERINARIO ( 4 )","ATROPINA","ATROPINA 10 CC",2,"10CC",83.93,167.86]
["2016-02-15","VETERINARIO ( 4 )","JERING. 5CC","JERINGUILLA  5CC",96,"UND",4.9771200000000002,477.80352000000005]
["2016-02-15","VETERINARIO ( 4 )","JERINGA","JERINGA 10",367,"UND",8.6624400000000001,3179.1154799999999]
["2016-02-15","VETERINARIO ( 4 )","JERINGA.","JERINGA 20",14,"UND",12.1,{"$f":"+G264*E264","v":169.4}]
["2016-02-15","VETERINARIO ( 4 )","JER-INS1CC","JERINGUILLA INSUL. 1CC",50,"UND",5.92,296]
["2016-02-15","VETERINARIO ( 4 )","OXITOXINA","OXITOCINA OVER",1,"50 CC",100.74,100.74]
["TOTAL",null,null,null,null,null,null,{"$f":"SUM(H199:H266)","v":9230260.2182200029}]